<?xml version="1.0" encoding="UTF-8"?><record xmlns="http://www.loc.gov/MARC21/slim" xmlns:zs="http://docs.oasis-open.org/ns/search-ws/sruResponse">
  <leader>01078cz  a2200253n  4500</leader>
  <controlfield tag="001">n  85196214 </controlfield>
  <controlfield tag="003">DLC</controlfield>
  <controlfield tag="005">20190313072811.0</controlfield>
  <controlfield tag="008">850828n| azannaabn          |a aaa     c</controlfield>
  <datafield ind1=" " ind2=" " tag="010">
    <subfield code="a">n  85196214 </subfield>
  </datafield>
  <datafield ind1=" " ind2=" " tag="035">
    <subfield code="a">(OCoLC)oca01406415</subfield>
  </datafield>
  <datafield ind1=" " ind2=" " tag="040">
    <subfield code="a">InU</subfield>
    <subfield code="b">eng</subfield>
    <subfield code="e">rda</subfield>
    <subfield code="c">DLC</subfield>
    <subfield code="d">DLC</subfield>
    <subfield code="d">OCoLC</subfield>
    <subfield code="d">UkOxU</subfield>
  </datafield>
  <datafield ind1=" " ind2=" " tag="046">
    <subfield code="f">1582</subfield>
    <subfield code="g">1640</subfield>
    <subfield code="2">edtf</subfield>
  </datafield>
  <datafield ind1="1" ind2=" " tag="100">
    <subfield code="a">Bernegger, Matthias,</subfield>
    <subfield code="d">1582-1640</subfield>
  </datafield>
  <datafield ind1=" " ind2=" " tag="377">
    <subfield code="a">lat</subfield>
  </datafield>
  <datafield ind1="1" ind2=" " tag="400">
    <subfield code="a">Berneggerus, Mathias,</subfield>
    <subfield code="d">1582-1640</subfield>
  </datafield>
  <datafield ind1="1" ind2=" " tag="400">
    <subfield code="a">Berneggerus, Matthias,</subfield>
    <subfield code="d">1582-1640</subfield>
  </datafield>
  <datafield ind1="1" ind2=" " tag="400">
    <subfield code="a">Berenicus, Theodosius,</subfield>
    <subfield code="d">1582-1640</subfield>
  </datafield>
  <datafield ind1="1" ind2=" " tag="400">
    <subfield code="a">Berenicius, Theodosius,</subfield>
    <subfield code="d">1582-1640</subfield>
  </datafield>
  <datafield ind1="1" ind2=" " tag="400">
    <subfield code="a">Bernecker, Matthias,</subfield>
    <subfield code="d">1582-1640</subfield>
  </datafield>
  <datafield ind1=" " ind2=" " tag="670">
    <subfield code="a">His Der Briefwechsel zwischen Matthias Bernegger und Johann Freinsheim ... 1905.</subfield>
  </datafield>
  <datafield ind1=" " ind2=" " tag="670">
    <subfield code="a">NUC pre-1956</subfield>
    <subfield code="b">(Bernegger, Matthias, 1582-1640)</subfield>
  </datafield>
  <datafield ind1=" " ind2=" " tag="670">
    <subfield code="a">InU/Wing STC files</subfield>
    <subfield code="b">(usage: ... Mathia Berneggero; ... Matthiae Berneggeri)</subfield>
  </datafield>
  <datafield ind1=" " ind2=" " tag="670">
    <subfield code="a">Deutsche Nationalbibliothek authorities, 8 March 2019</subfield>
    <subfield code="b">record 11614419X (Bernegger, Matthias. Variant names and pseudonyms: Berenicus, Theodosius ; Berenicius, Theodosius ; Bernecker, Matthias)</subfield>
  </datafield>
</record>
